000 00404nam a22001457a 4500
020 _a9054105828
082 _a624.1771
_bKIT
_cL-38, P-56
100 _aKitipornchai, S
_942882
245 _aStructural stability and design
_cS. Kitipornchai
260 _aNetherlands
_bA.A. Balkema
_c1995
300 _axiv, 504.p:
526 _a0
_b0
_c0
_d624_177100000000000_KIT
650 _aMCE
_9379
942 _2ddc
_cBK
999 _c546704
_d546704